[Event "BCF-chT3S 1617 (4NCL) Demotion pool"]
[Site "England"]
[Date "2017.04.30"]
[Round "10.75"]
[White "Calvert, David Ian"]
[Black "Ratnesan, Ranesh"]
[Result "1/2-1/2"]
[WhiteElo "1908"]
[BlackElo "1813"]
[PlyCount "58"]
[EventDate "2016.11.26"]
[EventType "team-tourn"]
[EventRounds "11"]
[EventCountry "ENG"]
[SourceTitle "EXT 2019"]
[Source "ChessBase"]
[SourceDate "2018.10.10"]
[SourceVersion "1"]
[SourceVersionDate "2018.10.10"]
[SourceQuality "1"]
[WhiteTeam "Iceni"]
[BlackTeam "Surbiton"]
[WhiteTeamCountry "ENG"]
[BlackTeamCountry "ENG"]

1. b3 Nf6 2. Bb2 g6 3. Bxf6 exf6 4. c4 Bg7 5. Nc3 f5 6. g3 c5 7. Bg2 Qa5 8. Rc1 0-0 9. e3 Nc6 10. Nge2 Nb4 11. 0-0 Nd3 12. Rc2 Nb4 13. Rc1 Nd3 14. Rc2 Rb8 15. Nf4 Nxf4 16. gxf4 d6 17. Nd5 Re8 18. d3 Be6 19. Qd2 Qxd2 20. Rxd2 Bxd5 21. Bxd5 Re7 22. Rb1 b5 23. cxb5 Rxb5 24. Rc2 h6 25. Kg2 a5 26. Kf3 Bf6 27. Rd1 Rb4 28. Rc4 Re8 29. h3 Kf8 1/2-1/2

[Event "BCF-chT4 1516 (4NCL)"]
[Site "England"]
[Date "2016.05.02"]
[Round "11.99"]
[White "Calvert, David Ian"]
[Black "Harris, John"]
[Result "1-0"]
[WhiteElo "1990"]
[BlackElo "1637"]
[PlyCount "47"]
[EventDate "2015.11.14"]
[EventType "team-swiss"]
[EventRounds "11"]
[EventCountry "ENG"]
[SourceTitle "EXT 2017"]
[Source "ChessBase"]
[SourceDate "2016.10.25"]
[SourceVersion "1"]
[SourceVersionDate "2016.10.25"]
[SourceQuality "1"]
[WhiteTeam "Iceni"]
[BlackTeam "Throw in the Tal II"]
[WhiteTeamCountry "ENG"]
[BlackTeamCountry "ENG"]

1. b3 d6 2. Bb2 Nd7 3. d4 Ngf6 4. Nf3 g6 5. g3 Bg7 6. Bg2 0-0 7. 0-0 Re8 8. c4 c5 9. Nc3 cxd4 10. Nxd4 a6 11. Qd2 Ng4 12. h3 Bh6 13. e3 Ngf6 14. Nd5 e5 15. Ne2 Nc5 16. Nec3 Bf5 17. Nxf6+ Qxf6 18. Nd5 Qd8 19. Rfd1 Nd3 20. Ba3 e4 21. Nb4 Bg7 22. Rab1 Qa5 23. Nxd3 exd3 24. Qxa5 1-0

[Event "BCF-chT4 1516 (4NCL)"]
[Site "England"]
[Date "2016.05.01"]
[Round "10.99"]
[White "Somton, Anita"]
[Black "Calvert, David Ian"]
[Result "1/2-1/2"]
[WhiteElo "1502"]
[BlackElo "1990"]
[PlyCount "62"]
[EventDate "2015.11.14"]
[EventType "team-swiss"]
[EventRounds "11"]
[EventCountry "ENG"]
[SourceTitle "EXT 2017"]
[Source "ChessBase"]
[SourceDate "2016.10.25"]
[SourceVersion "1"]
[SourceVersionDate "2016.10.25"]
[SourceQuality "1"]
[WhiteTeam "Iceni II"]
[BlackTeam "Iceni"]
[WhiteTeamCountry "ENG"]
[BlackTeamCountry "ENG"]

1. d4 d5 2. c4 c6 3. Nf3 Nf6 4. Qc2 g6 5. Bf4 Bf5 6. Qb3 Qb6 7. Nbd2 Bg7 8. e3 0-0 9. Be2 Nbd7 10. 0-0 Qxb3 11. axb3 a6 12. h3 Rac8 13. c5 h6 14. b4 g5 15. Bh2 Ne4 16. Nb3 Ra8 17. Ra2 Rfe8 18. Rfa1 e5 19. dxe5 Bxe5 20. Nxe5 Nxe5 21. Nd4 Bd7 22. f3 Nf6 23. b5 cxb5 24. Bxb5 Rac8 25. Bxd7 Nfxd7 26. Nf5 Rxc5 27. Nxh6+ Kg7 28. Nf5+ Kf6 29. Nd6 Rb8 30. f4 gxf4 31. exf4 Nc6 1/2-1/2

[Event "ENG-ch Seniors"]
[Site "London"]
[Date "2016.04.04"]
[Round "1"]
[White "Calvert, David Ian"]
[Black "Chandler, Clifford R"]
[Result "0-1"]
[WhiteElo "1963"]
[BlackElo "2258"]
[PlyCount "96"]
[EventDate "2016.04.04"]
[EventType "swiss"]
[EventRounds "5"]
[EventCountry "ENG"]
[SourceTitle "EXT 2019"]
[Source "ChessBase"]
[SourceDate "2018.10.10"]
[SourceVersion "1"]
[SourceVersionDate "2018.10.10"]
[SourceQuality "1"]

1. b3 e5 2. Bb2 d6 3. d4 exd4 4. Qxd4 Nc6 5. Qd2 d5 6. Nc3 Nf6 7. 0-0-0 Be6 8. e4 Bb4 9. Qg5 Bxc3 10. Bxc3 Nxe4 11. Qxg7 Rf8 12. Be1 Qe7 13. Bb5 0-0-0 14. Bxc6 bxc6 15. f3 Nd6 16. Qc3 Kd7 17. a4 Qg5+ 18. Rd2 c5 19. h4 Qf4 20. Qxc5 Qe5 21. Re2 Qa1+ 22. Kd2 Kc8 23. Ke3 Rg8 24. Ba5 Rd7 25. Kf2 d4 26. Qxa7 Bd5 27. Qa6+ Bb7 28. Qd3 f5 29. Re1 Qb2 30. Ne2 Ne4+ 31. Kf1 Nc5 32. Qxf5 d3 33. Qxc5 dxe2+ 34. Rxe2 Ba6 35. c4 Qxb3 36. Kf2 Bxc4 37. Rd2 Rxd2+ 38. Bxd2 Qc2 39. Qa5 Rd8 40. Qa8+ Kd7 41. Qa5 Kc6 42. Kg3 Qxd2 43. Qxd2 Rxd2 44. Re1 Kd6 45. h5 c5 46. Re8 Bd3 47. Kf4 c4 48. g4 c3 0-1

[Event "BCF-chT4 1516 (4NCL)"]
[Site "England"]
[Date "2016.03.19"]
[Round "7.156"]
[White "Calvert, David Ian"]
[Black "Graham, Cassie M"]
[Result "1/2-1/2"]
[WhiteElo "1990"]
[BlackElo "1812"]
[PlyCount "107"]
[EventDate "2015.11.14"]
[EventType "team-swiss"]
[EventRounds "11"]
[EventCountry "ENG"]
[SourceTitle "EXT 2017"]
[Source "ChessBase"]
[SourceDate "2016.10.25"]
[SourceVersion "1"]
[SourceVersionDate "2016.10.25"]
[SourceQuality "1"]
[WhiteTeam "Iceni"]
[BlackTeam "Sussex Martlets II"]
[WhiteTeamCountry "ENG"]
[BlackTeamCountry "ENG"]

1. b3 Nf6 2. Bb2 g6 3. Nf3 Bg7 4. g3 0-0 5. Bg2 d6 6. d4 c5 7. c4 Nbd7 8. 0-0 cxd4 9. Nxd4 Nc5 10. Nc3 Bd7 11. Rc1 Bh6 12. e3 Bg4 13. Qd2 Qd7 14. b4 Ne6 15. Nxe6 Bxe6 16. Nd5 Bxd5 17. cxd5 Bg7 18. Rc4 Rfc8 19. Rfc1 Rxc4 20. Rxc4 Rc8 21. Qc2 Rxc4 22. Qxc4 Ne8 23. Bxg7 Nxg7 24. a3 Ne8 25. h3 Qc7 26. Bf1 Qxc4 27. Bxc4 Kg7 28. e4 Nf6 29. Bd3 Nd7 30. f4 Kh6 31. Kf2 g5 32. Be2 Nb6 33. Ke3 f5 34. Kd4 fxe4 35. fxg5+ Kxg5 36. Kxe4 Kf6 37. h4 Nd7 38. g4 h6 39. Kf4 Ne5 40. g5+ hxg5+ 41. hxg5+ Kg6 42. a4 Kg7 43. Kf5 Ng6 44. Bh5 Nf8 45. Be8 b6 46. a5 bxa5 47. bxa5 Kh7 48. a6 Kg7 49. Kg4 e6 50. dxe6 Nxe6 51. Bb5 Nc5 52. Kf5 d5 53. Ke5 d4 54. Kxd4 1/2-1/2

[Event "London Classic op 7th"]
[Site "London"]
[Date "2015.12.09"]
[Round "7"]
[White "Disu, Kayode"]
[Black "Calvert, David Ian"]
[Result "1/2-1/2"]
[WhiteElo "1910"]
[BlackElo "1984"]
[PlyCount "141"]
[EventDate "2015.12.04"]
[EventType "swiss"]
[EventRounds "9"]
[EventCountry "ENG"]
[SourceTitle "CBM 169 Extra"]
[Source "ChessBase"]
[SourceDate "2015.12.18"]
[SourceVersion "1"]
[SourceVersionDate "2015.12.18"]
[SourceQuality "1"]

1. c4 Nf6 2. Nc3 d5 3. cxd5 Nxd5 4. g3 g6 5. Bg2 Nxc3 6. bxc3 Bg7 7. Rb1 Nc6 8. h4 h6 9. d4 0-0 10. Nf3 e5 11. 0-0 exd4 12. cxd4 Rb8 13. d5 Bf5 14. Rb3 Ne7 15. Nd4 Bg4 16. Nc2 Re8 17. Ne3 Bd7 18. Rb1 Nf5 19. Nc4 Nd6 20. Nxd6 cxd6 21. Bf4 Bf5 22. Rb3 h5 23. Re1 Be5 24. Bxe5 Rxe5 25. e4 Bd7 26. Qb1 b6 27. Qb2 Rc8 28. Rc1 Rxc1+ 29. Qxc1 Re7 30. Rc3 Qf8 31. Qa3 Qb8 32. f4 Re8 33. Kh2 f6 34. f5 Kg7 35. fxg6 Kxg6 36. Rf3 Bg4 37. Rf4 Qc7 38. Qb2 Qe7 39. Bh3 Bxh3 40. Kxh3 Rc8 41. Qe2 Rh8 42. Rf5 b5 43. Kg2 a5 44. Kf3 b4 45. Kg2 a4 46. Rf4 Qe5 47. Qb5 Qb2+ 48. Rf2 Qb1 49. Qe2 Re8 50. Rf4 b3 51. axb3 axb3 52. Qf3 Qc2+ 53. Kh3 Qc8+ 54. Rf5 b2 55. Qxh5+ Kg7 56. Qg4+ Kf7 57. Rf1 Qxg4+ 58. Kxg4 Rxe4+ 59. Kf3 Rb4 60. Rb1 f5 61. Ke2 Kf6 62. Kd2 Rg4 63. Rxb2 Rxg3 64. Rb8 Ke5 65. Rf8 Rh3 66. Rh8 Kxd5 67. h5 Ke6 68. h6 Kf7 69. Rh7+ Kg6 70. Rd7 Rxh6 71. Rxd6+ 1/2-1/2

[Event "London Classic op 7th"]
[Site "London"]
[Date "2015.12.05"]
[Round "2"]
[White "Calvert, David Ian"]
[Black "Haddock, Paul"]
[Result "1-0"]
[WhiteElo "1984"]
[BlackElo "1623"]
[PlyCount "85"]
[EventDate "2015.12.04"]
[EventType "swiss"]
[EventRounds "9"]
[EventCountry "ENG"]
[SourceTitle "CBM 169 Extra"]
[Source "ChessBase"]
[SourceDate "2015.12.18"]
[SourceVersion "1"]
[SourceVersionDate "2015.12.18"]
[SourceQuality "1"]

1. b3 e5 2. Bb2 Nc6 3. e3 d5 4. Bb5 Bd6 5. f4 Qe7 6. Nf3 Bg4 7. fxe5 Bxe5 8. Bxe5 Bxf3 9. Qxf3 Qxe5 10. Bxc6+ bxc6 11. 0-0 Nf6 12. Nc3 0-0 13. Qf4 Rae8 14. Qxe5 Rxe5 15. Rf4 Ne4 16. d4 Nxc3 17. dxe5 Ne2+ 18. Kf2 Nxf4 19. exf4 c5 20. f5 Rd8 21. Rd1 Kf8 22. Kf3 c6 23. g4 h6 24. h4 Ke7 25. Kf4 a6 26. Re1 d4 27. Ke4 Rd5 28. Kd3 a5 29. Re4 Kd7 30. a3 Ke7 31. Kc4 Kd7 32. b4 cxb4 33. axb4 axb4 34. Rxd4 Rxd4+ 35. Kxd4 g6 36. Kc5 gxf5 37. gxf5 Kc7 38. Kxb4 Kd7 39. Kc5 Kc7 40. h5 Kd7 41. c4 Kc7 42. e6 f6 43. e7 1-0

[Event "London Classic op 7th"]
[Site "London"]
[Date "2015.12.05"]
[Round "3"]
[White "Player, Edmund C"]
[Black "Calvert, David Ian"]
[Result "1-0"]
[WhiteElo "2183"]
[BlackElo "1984"]
[PlyCount "51"]
[EventDate "2015.12.04"]
[EventType "swiss"]
[EventRounds "9"]
[EventCountry "ENG"]
[SourceTitle "CBM 169 Extra"]
[Source "ChessBase"]
[SourceDate "2015.12.18"]
[SourceVersion "1"]
[SourceVersionDate "2015.12.18"]
[SourceQuality "1"]

1. e4 d5 2. exd5 Qxd5 3. Nc3 Qd6 4. d4 Nf6 5. h3 a6 6. Nf3 Bf5 7. Be3 Nc6 8. Qd2 e5 9. Nxe5 Nxe5 10. Bf4 0-0-0 11. Bxe5 Qc6 12. Bd3 Bxd3 13. Qxd3 Qxg2 14. Qf5+ Kb8 15. 0-0-0 Qc6 16. Rhg1 Qd7 17. Qxd7 Rxd7 18. Bxf6 gxf6 19. Ne4 Bh6+ 20. Kb1 f5 21. Ng3 Rd5 22. c4 Ra5 23. d5 Bf4 24. Nxf5 Re8 25. Nd4 Rc5 26. Rg4 1-0

[Event "BCF-ch Seniors 50"]
[Site "Coventry"]
[Date "2015.08.07"]
[Round "6"]
[White "Calvert, David Ian"]
[Black "Horlock, Peter J"]
[Result "1-0"]
[WhiteElo "1982"]
[BlackElo "1600"]
[PlyCount "53"]
[EventDate "2015.08.02"]
[EventType "swiss"]
[EventRounds "6"]
[EventCountry "ENG"]
[SourceTitle "CBM 167 Extra"]
[Source "ChessBase"]
[SourceDate "2015.09.14"]
[SourceVersion "1"]
[SourceVersionDate "2015.09.14"]
[SourceQuality "1"]

1. b3 e5 2. Bb2 Nc6 3. e3 a6 4. Nf3 d6 5. d4 Bg4 6. Be2 e4 7. Nfd2 Bf5 8. Nf1 d5 9. Ng3 Bg6 10. c4 Bb4+ 11. Nc3 Bxc3+ 12. Bxc3 dxc4 13. d5 Nce7 14. Bxg7 Qd6 15. Bxh8 f6 16. bxc4 Kf7 17. 0-0 Nh6 18. Bxf6 Qxf6 19. f3 Kg8 20. fxe4 Qg5 21. Qd4 Re8 22. Rf4 Nf7 23. Qf6 Qh6 24. Raf1 Nc8 25. c5 Qf8 26. Nf5 Bxf5 27. Rxf5 1-0

[Event "BCF-ch Seniors 50"]
[Site "Coventry"]
[Date "2015.08.06"]
[Round "5"]
[White "Patrick, David A"]
[Black "Calvert, David Ian"]
[Result "0-1"]
[WhiteElo "1861"]
[BlackElo "1982"]
[PlyCount "26"]
[EventDate "2015.08.02"]
[EventType "swiss"]
[EventRounds "6"]
[EventCountry "ENG"]
[SourceTitle "CBM 167 Extra"]
[Source "ChessBase"]
[SourceDate "2015.09.14"]
[SourceVersion "1"]
[SourceVersionDate "2015.09.14"]
[SourceQuality "1"]

1. e4 d5 2. exd5 Qxd5 3. Nc3 Qd6 4. Bc4 Nf6 5. d4 a6 6. h3 Qc6 7. Bf1 Bf5 8. Nf3 Nbd7 9. Be3 e6 10. Nh4 Bb4 11. Bd2 Bxc3 12. Nxf5 Bxd2+ 13. Qxd2 exf5 0-1

[Event "BCF-ch Seniors 50"]
[Site "Coventry"]
[Date "2015.08.03"]
[Round "2"]
[White "Calvert, David Ian"]
[Black "Calvert, John C"]
[Result "1-0"]
[WhiteElo "1982"]
[BlackElo "1529"]
[PlyCount "87"]
[EventDate "2015.08.02"]
[EventType "swiss"]
[EventRounds "6"]
[EventCountry "ENG"]
[SourceTitle "CBM 167 Extra"]
[Source "ChessBase"]
[SourceDate "2015.09.14"]
[SourceVersion "1"]
[SourceVersionDate "2015.09.14"]
[SourceQuality "1"]

1. b3 e5 2. Bb2 Nc6 3. e3 a6 4. Nf3 d6 5. d4 exd4 6. Nxd4 Bd7 7. Be2 Nf6 8. Bf3 Be7 9. Nxc6 bxc6 10. 0-0 0-0 11. c4 Re8 12. Nc3 Rb8 13. Rc1 Bf8 14. Rc2 c5 15. Rd2 Bc8 16. Qa1 Bb7 17. Nd5 Nxd5 18. Bxd5 Bxd5 19. Rxd5 Qc8 20. Rg5 g6 21. Rd5 Re6 22. Rfd1 Qb7 23. Qc1 Rbe8 24. Qc3 f6 25. Qc2 R8e7 26. h3 Qc8 27. a3 Bg7 28. b4 cxb4 29. axb4 Re8 30. Qa4 Qb7 31. Ra5 Ra8 32. b5 Qe4 33. Rxa6 Rc8 34. Rc6 Ree8 35. Qb3 Kh8 36. Qd3 Qxd3 37. Rxd3 Kg8 38. Ra3 Kf7 39. Ra7 Re4 40. b6 Ke6 41. c5 Kf5 42. Raxc7 Rxc7 43. bxc7 dxc5 44. c8Q+ 1-0